All 200k Italian cities on a map - Statistics

General Stats
  • This quiz has been taken 182 times
  • The average score is 12 of 14
Answers on the Map
Answers color-coded by a green-red scale on the quiz's map according to % correct below.
 
Answer Stats
City Population % Correct
Rome 2,617,175
100%
Milan 1,242,123
99%
Naples 962,003
99%
Florence 358,079
98%
Venice 261,362
98%
Turin 872,367
97%
Palermo 657,561
94%
Genoa 586,180
92%
Bologna 371,337
90%
Bari 315,933
86%
Verona 252,520
77%
Catania 293,902
73%
Messina 243,262
70%
Padua 206,192
62%
No matching quizzes found
Score Distribution
Percent of People with Each Score
Percentile by Number Answered
Your Score History
You have not taken this quiz